Análisis del diario de Colón guanahaní y mayaguaín : (Registro nro. 27003)
[ vista simple ]
| 000 -CABECERA | |
|---|---|
| campo de control de longitud fija | 00830nam a2200241 a 4500 |
| 001 - NÚMERO DE CONTROL | |
| campo de control | 000027511 |
| 003 - IDENTIFICADOR DEL NÚMERO DE CONTROL | |
| campo de control | DO-SdBNP |
| 005 - FECHA Y HORA DE LA ÚLTIMA TRANSACCIÓN | |
| campo de control | 20211108091745.0 |
| 007 - CAMPO FIJO DE DESCRIPCIÓN FÍSICA--INFORMACIÓN GENERAL | |
| campo de control de longitud fija | ta |
| 008 - DATOS DE LONGITUD FIJA--INFORMACIÓN GENERAL | |
| campo de control de longitud fija | 110401s1974 dr ab 000 0 spa d |
| 040 ## - FUENTE DE LA CATALOGACIÓN | |
| Centro catalogador/agencia de origen | DO-SdBNP |
| Lengua de catalogación | spa |
| Centro/agencia transcriptor | BNPHU |
| 049 ## - FONDOS LOCALES (OCLC) | |
| Fondos de biblioteca | BNPD |
| 082 #4 - NÚMERO DE LA CLASIFICACIÓN DECIMAL DEWEY | |
| Número de edición | 22 |
| 100 1# - ENTRADA PRINCIPAL--NOMBRE DE PERSONA | |
| Nombre de persona | Didiez Burgos, Ramón J. |
| 9 (RLIN) | 54594 |
| 245 10 - MENCIÓN DE TÍTULO | |
| Título | Análisis del diario de Colón guanahaní y mayaguaín : |
| Resto del título | las primeras isletas descubiertas en el Nuevo Mundo / |
| Mención de responsabilidad, etc. | Ramón J. Didiez |
| 260 ## - PUBLICACIÓN, DISTRIBUCIÓN, ETC. | |
| Lugar de publicación, distribución, etc. | Santo Domingo : |
| Nombre del editor, distribuidor, etc. | Archivo General de la Nación, |
| Fecha de publicación, distribución, etc. | 1974. |
| 300 ## - DESCRIPCIÓN FÍSICA | |
| Extensión | 424, [13] p. : |
| Otras características físicas | il., mapas ; |
| Dimensiones | 27 cm. |
| 490 1# - MENCIÓN DE SERIE | |
| Mención de serie | Biblioteca dominicana de geografía y viajes |
| Designación de volumen o secuencia | 6 |
| 504 ## - NOTA DE BIBLIOGRAFÍA, ETC. | |
| Nota de bibliografía, etc. | Bibliografía : p. 436 |
| 590 ## - NOTA LOCAL (RLIN) | |
| Nota local | Inventariado, 2021/BT |
| 830 #0 - PUNTO DE ACCESO ADICIONAL DE SERIE-TÍTULO UNIFORME | |
| Título uniforme | Biblioteca dominicana de geografía y viajes |
| Designación de volumen o secuencia | 6 |
| 9 (RLIN) | 38642 |
| 942 ## - ELEMENTOS DE PUNTO DE ACCESO ADICIONAL (KOHA) | |
| Fuente del sistema de clasificación o colocación | Dewey Decimal Classification |
| Tipo de ítem Koha | Libro |
| Estado de retiro | Estado de pérdida | Fuente del sistema de clasificación o colocación | Restricciones de uso | No para préstamo | Código de colección | Localización permanente | Ubicación/localización actual | Ubicación en estantería | Fecha de adquisición | Número de inventario | Total de préstamos | Signatura topográfica completa | Código de barras | Fecha visto por última vez | Precio válido a partir de | Tipo de ítem Koha | Número de copia | Fuente de adquisición |
|---|---|---|---|---|---|---|---|---|---|---|---|---|---|---|---|---|---|---|
| Dewey Decimal Classification | Préstamo en sala | Dominicana de Servicio | Biblioteca Nacional Pedro Henríquez Ureña | Dominicana | En catalogación | 08.11.2021 | BNPHU DS | 2021-27850 | 08.11.2021 | 08.11.2021 | Libro y Folleto Colección Dominicana de Servicio | e.4 | Donación / Archivo General de la Nación | |||||
| Dewey Decimal Classification | Excluido de préstamo | Patrimonio Dominicano | Biblioteca Nacional Pedro Henríquez Ureña | Patrimonio Dominicano | Depósito | 01.04.2011 | LF1 | BNPHU PD | 27511-10 | 25.06.2020 | 25.06.2020 | Libro y Folleto Colección Patrimonio Dominicano | ||||||
| Dewey Decimal Classification | Excluido de préstamo | Patrimonio Dominicano | Biblioteca Nacional Pedro Henríquez Ureña | Patrimonio Dominicano | Depósito | 04.04.2011 | LF1 | BNPHU PD | 27511-20 | 25.06.2020 | 25.06.2020 | Libro y Folleto Colección Patrimonio Dominicano | e. 2 | |||||
| Dewey Decimal Classification | Préstamo en sala | Dominicana de Servicio | Biblioteca Nacional Pedro Henríquez Ureña | Patrimonio Dominicano | En catalogación | 10.05.2013 | LF1 | BNPHU DS | 27511-30 | 25.06.2020 | 25.06.2020 | Libro y Folleto Colección Dominicana de Servicio | e. 3 |
